000 00708cab a2200229 4500
001 ABS44238
008 090401t1991 xxu||||| |||| 00| 0 eng d
035 _a(Sirsi) u46036
041 _aeng
100 _ade Mallet Morgan, T
245 _aPreserving the past
260 _c1991
350 _a0
490 _aField
_v273 (7041), April 1991, 90-91 (2)
520 _aLists criteria for classifying listed buildings and the consequences of maintenance and repairs for owners. Any alterations need local authority planning consent.
650 _aENGLISH HERITAGE
650 _aRESTORATION
650 _aTOWN AND COUNTRY PLANNING ACT 1971 S54
690 _aCON
942 _n0
948 _c04/03/1997
999 _c29126
_d29126